| 000 | 00728nam 22001933 4500 | ||
|---|---|---|---|
| 001 | 199903 | ||
| 010 | _a972-672-831-2 | ||
| 090 | _a199903 | ||
| 100 | _a20260114d u||y0pory50 ba | ||
| 200 |
_aCarta geral dos solos de Angola _e8. Província de Malange _fCentro de Estudos de Pedologia |
||
| 210 |
_aLisboa _cCentro de Estudos de Pedologia _d1995 |
||
| 215 |
_a839, [3] p. ; mapa _cbrochado _d25 cm |
||
| 225 |
_aMemórias do Instituto de Investigação Científica Tropical (segunda série) _h71 |
||
| 606 |
_915725 _aEstudo dos solos. Pedologia. Investigação em ciências do solo |
||
| 675 |
_a631.4 _vPT _zpor |
||
| 710 |
_915722 _aCentro de Estudos de Pedologia Tropical |
||
| 801 |
_aPT _bBMMN _gRPC |
||
| 830 | _cVanda | ||
| 990 | _cLIVROS | ||